000
00313nam a2200133Ia 4500
008
240624s9999 xx 000 0 und d
041
_a
eng
082
_a
894.46 BAP
100
_a
BAPAT B G
245
_a
VINOBA MARATHI
260
_c
2013
_a
Pune
_b
Rajhans Prakashan
300
_a
248 p.; 32 cm.
365
_c
RS
_b
25
999
_c
30397
_d
30397